000
00342nam a22001577a 4500
003
SGT
020
_a
9781119391968
082
_a
616.0757
_b
M19W
100
_a
WESTBROOK, CATHERINE
245
_a
MRI IN PRACTICE
250
_a
5TH
260
_a
U.K.
_b
WILEY BLACK PUB
_c
2019
300
_a
395
650
_a
RADIOLOGY
942
_2
ddc
_c
BK
_0
68
999
_c
23741
_d
23741